00839 a2200205 450000100060000002000180000604000240002410000170004824000420006524500370010730000090014436200090015365000310016294200070019395201040020095201040030495201040040895201040051299900170061614384 a9788587607744 cAnchieta - Aquarius aNunes, Nadja10aA menina que tinha medo de ventolpor10aA menina que tinha medo de vento a33p.0 a2010 4aLiteratura infanto-juvenil cBK 00104070a87.1b87.1d2023-11-21l0o028.5 NUN MENp6227/AQUr2023-11-21 15:14:22w2023-11-21yBK 00104070a87.1b87.1d2023-11-21l0o028.5 NUN MENp6228/AQUr2023-11-21 15:14:22w2023-11-21yBK 00104070a88.1b88.1d2023-11-21l0o028.5 BIT MENp4151/ITAr2023-11-21 20:05:40w2023-11-21yBK 00104070a88.1b88.1d2023-11-21l0o028.5 BIT MENp4152/ITAr2023-11-21 20:05:40w2023-11-21yBK c14384d14384